| 000 | 00438nam a22001817a 4500 | ||
|---|---|---|---|
| 003 | MPLRDC | ||
| 005 | 20220104123512.0 | ||
| 008 | 210129b ||||| |||| 00| 0 eng d | ||
| 020 | _a7-5008-3475-6 | ||
| 082 | _a494.2 AZ | ||
| 100 | _a安子等编 | ||
| 245 |
_a智慧99+1 _c |
||
| 250 | _a一版一刷 | ||
| 260 |
_a中国 _b工人出版社 _c2005 |
||
| 300 | _b194 | ||
| 650 | _a企业管理--管理组织 | ||
| 942 |
_cBK _o494.2 AZ |
||
| 999 |
_c11929 _d11919 |
||